| 000 | 00398nam a2200169Ia 4500 | ||
|---|---|---|---|
| 008 | 230711s9999||||xx |||||||||||||| ||und|| | ||
| 020 | _a978-93-325-5954-7 | ||
| 041 | _aENG | ||
| 082 |
_a621.112 _bPO-M |
||
| 100 | _aPopov,Egor P | ||
| 245 | 0 | _aMechanics of materials | |
| 250 | _a2nd Ed. | ||
| 260 |
_c2017 _aNew Delhi _bPearson |
||
| 300 | _a590p. | ||
| 650 | _aCivil Engineering | ||
| 942 | _cBK | ||
| 999 |
_c6137 _d6137 |
||